| 000 | 00526nam a2200181 a 4500 | ||
|---|---|---|---|
| 005 | 20250701063841.0 | ||
| 008 | 040920s1996 mx r 000 0 spa d | ||
| 035 | _aUPN01000134746 | ||
| 049 | _aCG | ||
| 050 | 4 |
_aTD388 _bA3.8 |
|
| 245 | 0 | 0 |
_aAguas continentales / _ccomp. Leonardo Meza A. |
| 260 |
_aMéxico : _bFundación Friedrich Ebert, _c1996. |
||
| 300 | _a112 p. | ||
| 440 | 0 | _aCuadernos para una sociedad sustentable | |
| 650 | 2 |
_aAgua _xConservación _91024 |
|
| 700 | 1 |
_aMeza A., Leonardo, _ecomp. |
|
| 905 | _aLibro | ||
| 999 |
_c106897 _d106897 |
||